| 000 | 01368nam a2200253 i 4500 | ||
|---|---|---|---|
| 001 | 114704 | ||
| 003 | ES-MaACL | ||
| 005 | 20230906190231.0 | ||
| 007 | t| | ||
| 008 | 070321s1917 fr ||||1| fre d | ||
| 245 | 0 | 3 |
_aLa réorganisation de la France _b: conférences faites áa l'Ecole des Hautes Etudes Sociales (novembre 1915 áa janvier 1916) / _cpar MM. Ch. Seignobos ... Ch. Chaumet [etc.] ... |
| 260 |
_aParis : _bFélix Alcan, _c1917. |
||
| 300 |
_a275 p. ; _c19 cm. |
||
| 505 | 8 | _aContiene: I-II. La politique intérieure ; La politique extérieure / par Ch. Seignobos -- III. Le développement économique / par Charles Chaumet -- IV. L'organisation de l'industrie après la guerre / par R. Legouez -- V. L'agriculture après la guerre. La terre de France / par Marcel Vacher -- VI. Le beau, le vrai, l'utile et la réorganisation de la France / par Adolphe Dervaux -- VII. La reconstitution de la population française / par Charles Gide. | |
| 650 | 1 | 4 |
_aGuerra mundial, 1914-1918- _xAspectos económicos. _913213 |
| 650 | 1 | 4 |
_aGuerra mundial, 1914-1918- _zFrancia. _913219 |
| 700 | 1 |
_aSeignobos, Charles ( _d1854-1942) _9105259 |
|
| 700 | 1 |
_aChaumet, Charles. _938207 |
|
| 700 | 1 |
_aLegouez, R. _971288 |
|
| 700 | 1 |
_aVacher, Marcel. _9112374 |
|
| 700 | 1 |
_aDervaux, Adolphe. _943803 |
|
| 700 | 1 |
_aGide, Charles. _956675 |
|
| 852 |
_aES-MaACL _jF-10538 |
||
| 999 |
_c114704 _d114704 |
||